Géographie de la France par lettre - M - Statistiques

Statistiques générales
  • Ce quiz a été pris 22 165 fois
    22 160 depuis la dernière actualisation
  • Le résultat moyen est 10 sur 20
Statistiques - réponses
Question Réponse % Correct
Grande ville fondée par les phocéens Marseille
98%
Mer séparant la France de la Grande-Bretagne Manche
93%
Grande ville du sud de la France, située dans l'Hérault Montpellier
87%
Principal affluent de la Seine. Donne son nom au département de Reims Marne
79%
Fleuve ou département de Verdun Meuse
73%
Ville la plus peuplée de Lorraine Metz
72%
Avec la Loire elle donne son nom à un département Maine
67%
Avec Saint-Pierre elle forme une collectivité d'Outre-mer Miquelon
67%
Deuxième ville la plus peuplée de la Drôme, réputée pour ses nougats Montélimar
64%
Deuxième ville la plus peuplée d'Alsace Mulhouse
63%
Plus jeune département de France Mayotte
59%
Commune méditerranéenne frontalière de l'Italie Menton
58%
Chef-lieu du département des Landes Mont-de-Marsan
44%
Ancienne région, englobée dans l'actuelle Occitanie Midi-Pyrénées
29%
Vallée et région naturelle du sud de la Savoie Maurienne
22%
Massif alpin protégé par un parc national, dans les Alpes-Maritimes et les Alpes-de-Haute-Provence Mercantour
21%
Massif de moyenne montagne aux confins de la Nièvre, de la Côte-d'Or et de la Saône-et-Loire Morvan
21%
Plateau granitique du Limousin, s'étendant sur la Creuse et la Corrèze Plateau de {Millevaches}
21%
Commune guyanaise, la plus étendue de France Maripasoula
8%
Chef-lieu de Wallis-et-Futuna Mata Utu
4%
Aucun quiz correspondant
Distribution des résultats
% des personnes avec chaque résultat
Percentile par nombre de réponses
Votre historique - résultats
Vous n’avez pas pris ce quiz depuis la dernière actualisation